00222nam a2200109Ia 4500008004100000041000800041082001200049100001600061245001800077260000900095365000800104240624s9999 xx 000 0 und d aeng a823 HUN aHUNTER ALAN aLANDED GENTLY c2011 cBPS